000 00181 a2200097 4500
020 _a9789502406404
041 _aspa
100 _aMoses, Brian
245 _aTengo celos
942 _cBK
999 _c31916
_d31914